ბათუმის შოთა რუსთაველის სახელმწიფო უნივერსიტეტის ბიბლიოთეკა

New Cutting Edge Pre-Intermediate / (ბიბ.ჩანაწერი № 36262)

000 -LEADER
fixed length control field 00561nam a2200205Ia 4500
001 - CONTROL NUMBER
control field 2167
003 - CONTROL NUMBER IDENTIFIER
control field GE_BSU
005 - DATE AND TIME OF LATEST TRANSACTION
control field 20190527161342.0
008 - FIXED-LENGTH DATA ELEMENTS--GENERAL INFORMATION
fixed length control field 181216s2007||||enk|||||||||||||| ||eng||
040 ## - CATALOGING SOURCE
Transcribing agency GE_BSU
041 ## - LANGUAGE CODE
Language code of text/sound track or separate title eng
080 ## - UNIVERSAL DECIMAL CLASSIFICATION NUMBER
Universal Decimal Classification number 811.111(075.8) C-94
100 ## - MAIN ENTRY--PERSONAL NAME
Personal name Cunningham, Sarah
9 (RLIN) 1654
245 ## - TITLE STATEMENT
Title New Cutting Edge Pre-Intermediate /
Remainder of title Students 'Book.
264 ## - PRODUCTION, PUBLICATION, DISTRIBUTION, MANUFACTURE, AND COPYRIGHT NOTICE
Place of production, publication, distribution, manufacture Edinburgh,
Date of production, publication, distribution, manufacture, or copyright notice 2007.
300 ## - PHYSICAL DESCRIPTION
Extent 174 p. ;
Other physical details 28 cm.
653 ## - INDEX TERM--UNCONTROLLED
keyword ინგლისური ენა
700 ## - ADDED ENTRY--PERSONAL NAME
Personal name Moor, Peter
Relator term ავტორი
9 (RLIN) 1658
942 ## - ADDED ENTRY ELEMENTS (KOHA)
Koha item type წიგნი
Source of classification or shelving scheme
ეგზემპლარები
Withdrawn status Lost status Source of classification or shelving scheme Damaged status Not for loan Permanent Location Current Location Shelving location Date acquired Cost, normal purchase price Full call number Barcode Date last seen Copy number Price effective from Koha item type Public note
          ბათუმის შოთა რუსთაველის სახელმწიფო უნივერსიტეტის მთავარი ბიბლიოთეკა ბათუმის შოთა რუსთაველის სახელმწიფო უნივერსიტეტის მთავარი ბიბლიოთეკა წიგნსაცავი 2018-12-17 10.00 811.111(075.8) C-94 4384 2018-12-17 4384 2018-12-17 წიგნი 10 ლ.